000 nam a22 7a 4500
999 _c43801
_d43801
003 OSt
005 20180221093100.0
008 180221b xxu||||| |||| 00| 0 eng d
040 _cIIMT
100 _aSINGH,AVTAR
245 _aCOMPANY LAW
_hENGLISH
260 _aLUCKNOW
_bEASTERN BOOK COMPANY
_c2016
300 _a783
942 _2ddc
_c02